[Event "Titled Tuesday intern op 27th Feb Late"]
[Site "Chess.com INT"]
[Date "2024.02.27"]
[Round "7"]
[White "Kosakowski, Jakub"]
[Black "Acosta, Pablo Ismael"]
[Result "1-0"]
[WhiteElo "2482"]
[BlackElo "2479"]
[PlyCount "65"]
[EventDate "2024.02.27"]
[EventType "swiss (blitz)"]
[EventRounds "11"]
[EventCountry "USA"]
[SourceTitle "CB10_2024"]
[SourceDate "2024.03.06"]
[SourceVersion "1"]
[SourceVersionDate "2024.03.06"]
[SourceQuality "1"]

1. e4 c5 2. Nf3 d6 3. d4 cxd4 4. Nxd4 Nf6 5. Nc3 a6 6. Bg5 Nbd7 7. Qe2 e6 8. 0-0-0 Qc7 9. g4 b5 10. a3 Bb7 11. Bxf6 gxf6 12. f4 Bh6 13. g5 Bg7 14. Qh5 Nc5 15. f5 0-0-0 16. Bh3 fxg5 17. fxe6 fxe6 18. Bxe6+ Kb8 19. Bd5 Bxd4 20. Rxd4 Qe7 21. Bxb7 Kxb7 22. Rhd1 Rhf8 23. Kb1 Ne6 24. R4d2 Nf4 25. Qf3 Qe5 26. Qe3 Rfe8 27. Rd4 h6 28. a4 Qc5 29. axb5 axb5 30. Qd2 d5 31. Nxb5 Kc8 32. Qa5 Rd7 33. exd5 1-0

[Event "Maldonado IM 3rd"]
[Site "Maldonado"]
[Date "2023.12.07"]
[Round "6"]
[White "Acosta, Pablo Ismael"]
[Black "Guerrero, Alvaro"]
[Result "1-0"]
[WhiteElo "2479"]
[BlackElo "2023"]
[PlyCount "67"]
[EventDate "2023.12.04"]
[EventType "tourn"]
[EventRounds "9"]
[EventCountry "URU"]
[EventCategory "1"]
[SourceTitle "CB50_2023"]
[SourceDate "2023.12.13"]
[SourceVersion "1"]
[SourceVersionDate "2023.12.13"]
[SourceQuality "1"]

1. c4 Nf6 2. Nc3 e6 3. Nf3 Bb4 4. Qb3 a5 5. a3 Bxc3 6. Qxc3 b6 7. b3 Bb7 8. Bb2 d6 9. e3 Nbd7 10. Be2 Qe7 11. 0-0 0-0 12. d3 Rfd8 13. e4 e5 14. g3 Nc5 15. Nh4 Ne6 16. Nf5 Qe8 17. f4 Nd7 18. Bh5 Qf8 19. Bg4 Qe8 20. b4 f6 21. Qb3 a4 22. Qc2 Kh8 23. Qg2 Ndf8 24. Rf2 Rd7 25. Raf1 Rdd8 26. Qh3 Bc8 27. Bh5 Qd7 28. Qh4 c5 29. bxc5 bxc5 30. fxe5 fxe5 31. Nxd6 Qxd6 32. Bxe5 Qd7 33. Rf7 Qxd3 34. Rxg7 1-0

[Event "Mar de Ajo op 5th"]
[Site "Mar de Ajo"]
[Date "2023.11.11"]
[Round "3"]
[White "Acosta, Pablo Ismael"]
[Black "Campos, Maria Jose"]
[Result "1-0"]
[WhiteElo "2477"]
[BlackElo "2208"]
[PlyCount "55"]
[EventDate "2023.11.10"]
[EventType "swiss"]
[EventRounds "6"]
[EventCountry "ARG"]
[SourceTitle "CB46_2023"]
[SourceDate "2023.11.15"]
[SourceVersion "1"]
[SourceVersionDate "2023.11.15"]
[SourceQuality "1"]

1. d4 Nf6 2. Nf3 e6 3. Bg5 h6 4. Bh4 b6 5. e3 Bb7 6. Bd3 c5 7. 0-0 Be7 8. Nbd2 0-0 9. e4 c4 10. Bxf6 cxd3 11. Bxe7 dxc2 12. Qxc2 Qxe7 13. Qc7 Bc6 14. Rfc1 Na6 15. Qf4 f5 16. Ne5 Qd6 17. Qe3 Rac8 18. Ndc4 Qb8 19. Ng6 Bxe4 20. Nxf8 Rxf8 21. Qa3 Nc7 22. Ne5 Rd8 23. Qe7 Nb5 24. Nf7 Rf8 25. Qxd7 a6 26. Ne5 Bd5 27. a4 Nxd4 28. Rc7 1-0

[Event "ARG-ch 98th"]
[Site "Buenos Aires"]
[Date "2023.11.07"]
[Round "11"]
[White "Valerga, Diego"]
[Black "Acosta, Pablo Ismael"]
[Result "0-1"]
[WhiteElo "2428"]
[BlackElo "2482"]
[PlyCount "80"]
[EventDate "2023.10.28"]
[EventType "tourn"]
[EventRounds "11"]
[EventCountry "ARG"]
[EventCategory "7"]
[SourceTitle "CB46_2023"]
[SourceDate "2023.11.15"]
[SourceVersion "1"]
[SourceVersionDate "2023.11.15"]
[SourceQuality "1"]

1. d4 d5 2. c4 e6 3. Nc3 Nf6 4. Nf3 c6 5. Bg5 Nbd7 6. e3 h6 7. Bh4 Be7 8. Bd3 dxc4 9. Bxc4 b5 10. Bd3 Bb7 11. 0-0 0-0 12. a3 a5 13. Qe2 b4 14. Na4 c5 15. Bxf6 Bxf6 16. dxc5 Qe7 17. Rfc1 Rac8 18. axb4 axb4 19. Nd2 Nxc5 20. Nxc5 Bxb2 21. Nxb7 Rxc1+ 22. Rxc1 Bxc1 23. Na5 Bxd2 24. Qxd2 Rc8 25. Nc4 b3 26. Kf1 Qh4 27. Qb4 Qxh2 28. Qb7 Rb8 29. Qe4 b2 30. Qh7+ Kf8 31. Ke2 Qh5+ 32. f3 Ke7 33. Qxg7 b1Q 34. Bxb1 Rxb1 35. Ne5 Rb5 36. Nc6+ Kd7 37. Qh8 Kxc6 38. Qc8+ Kb6 39. Qd8+ Kc5 40. Qc7+ Kb4 0-1

[Event "Barcelona Sants op 24th"]
[Site "Barcelona"]
[Date "2023.08.20"]
[Round "3"]
[White "Martinez Pla, Xavier"]
[Black "Acosta, Pablo Ismael"]
[Result "1/2-1/2"]
[WhiteElo "2255"]
[BlackElo "2474"]
[PlyCount "129"]
[EventDate "2023.08.18"]
[EventType "swiss"]
[EventRounds "10"]
[EventCountry "ESP"]
[SourceTitle "CBM 215 Extra"]
[Source "ChessBase"]
[SourceDate "2023.09.30"]
[SourceVersion "1"]
[SourceVersionDate "2023.09.30"]
[SourceQuality "1"]

1. e4 e6 2. d4 d5 3. Nd2 c5 4. exd5 Qxd5 5. Ngf3 cxd4 6. Bc4 Qd6 7. 0-0 Nf6 8. Nb3 Nc6 9. Nbxd4 Nxd4 10. Nxd4 Be7 11. c3 0-0 12. Qf3 Qc7 13. Bb3 a5 14. Re1 a4 15. Bc2 Ra5 16. Bf4 Bd6 17. Bxd6 Qxd6 18. b4 axb3 19. axb3 Rxa1 20. Rxa1 e5 21. Nb5 Qb6 22. c4 Bd7 23. Nc3 Bc6 24. Qg3 Re8 25. Re1 Qa5 26. Qe3 Ng4 27. Qg3 g6 28. h3 Nf6 29. Qe3 Qa3 30. Ne4 Bxe4 31. Bxe4 Re7 32. Qb6 Nxe4 33. Rxe4 Qc1+ 34. Kh2 Kg7 35. Qd6 Re6 36. Qd3 b6 37. Re3 h5 38. Rf3 Qg5 39. Qd7 Re7 40. Qd6 e4 41. Qd4+ Qe5+ 42. Qxe5+ Rxe5 43. Rc3 h4 44. b4 Kf6 45. c5 bxc5 46. bxc5 Re7 47. g3 g5 48. gxh4 gxh4 49. c6 Rc7 50. f3 exf3 51. Rxf3+ Ke5 52. Kg2 f6 53. Rc3 Kd4 54. Rc1 Kd5 55. Kf3 Rxc6 56. Rxc6 Kxc6 57. Kg4 Kd6 58. Kxh4 Ke5 59. Kg3 Ke4 60. h4 f5 61. Kf2 Kf4 62. h5 Kg5 63. Kg3 Kxh5 64. Kf4 Kh6 65. Kxf5 1/2-1/2

[Event "Barcelona Sants op 24th"]
[Site "Barcelona"]
[Date "2023.08.19"]
[Round "2"]
[White "Acosta, Pablo Ismael"]
[Black "Blagojevic, Tijana"]
[Result "1-0"]
[WhiteElo "2474"]
[BlackElo "2163"]
[PlyCount "53"]
[EventDate "2023.08.18"]
[EventType "swiss"]
[EventRounds "10"]
[EventCountry "ESP"]
[SourceTitle "CBM 215 Extra"]
[Source "ChessBase"]
[SourceDate "2023.09.30"]
[SourceVersion "1"]
[SourceVersionDate "2023.09.30"]
[SourceQuality "1"]

1. d4 d5 2. c4 e6 3. Nc3 c6 4. e3 Nf6 5. Bd3 Nbd7 6. Nge2 a6 7. c5 e5 8. 0-0 g6 9. Ng3 Bg7 10. f4 e4 11. Be2 h5 12. Bd2 Ng4 13. h3 Nh6 14. Na4 h4 15. Nh1 0-0 16. Qe1 Nf5 17. Bg4 Nxd4 18. exd4 f5 19. Bd1 Bxd4+ 20. Be3 Bf6 21. Bb3 Re8 22. Rd1 Nf8 23. Nb6 Rb8 24. Nxd5 Be6 25. Nxf6+ Qxf6 26. Bd4 Qe7 27. Qe3 1-0

[Event "FIDE World Cup"]
[Site "Baku"]
[Date "2023.08.01"]
[Round "1.5"]
[White "Acosta, Pablo Ismael"]
[Black "Piorun, Kacper"]
[Result "1/2-1/2"]
[WhiteElo "2485"]
[BlackElo "2597"]
[PlyCount "105"]
[EventDate "2023.07.30"]
[EventType "k.o."]
[EventRounds "8"]
[EventCountry "AZE"]
[SourceTitle "EXT 2024"]
[Source "ChessBase"]
[SourceDate "2023.10.10"]
[SourceVersion "1"]
[SourceVersionDate "2023.10.10"]
[SourceQuality "1"]

1. d4 Nf6 2. c4 e6 3. Nf3 d5 4. Nc3 h6 5. Bf4 Bd6 6. Bxd6 Qxd6 7. e3 0-0 8. Rc1 c6 9. Be2 Nbd7 10. 0-0 Qe7 11. Qb3 b6 12. cxd5 exd5 13. Qa4 Qd6 14. Ne5 Nxe5 15. dxe5 Qxe5 16. Qxc6 Bd7 17. Qb7 a5 18. Qxb6 Rfb8 19. Qc5 Rxb2 20. Bf3 Be6 21. e4 Bg4 22. Nxd5 Kh8 23. Qc3 Qxc3 24. Nxc3 Rc8 25. e5 Bxf3 26. exf6 Bg4 27. fxg7+ Kxg7 28. a4 Rb4 29. f3 Bd7 30. Nd5 Rxc1 31. Rxc1 Rxa4 32. Nb6 Rd4 33. Ra1 a4 34. Nxd7 Rxd7 35. Rxa4 Rd2 36. h4 Rc2 37. Kh2 Rc5 38. Kg3 Rc2 39. Rg4+ Kh7 40. h5 Rc5 41. Kh4 Rb5 42. Re4 Kg7 43. g4 Rb1 44. Kg3 Ra1 45. Kf4 Ra3 46. Re3 Ra1 47. Kf5 Rh1 48. f4 Rh2 49. Ke5 Rg2 50. Kf5 Rh2 51. Re1 Rh4 52. Re8 Rh1 53. Re2 1/2-1/2

[Event "FIDE World Cup"]
[Site "Baku"]
[Date "2023.08.01"]
[Round "1.4"]
[White "Piorun, Kacper"]
[Black "Acosta, Pablo Ismael"]
[Result "1-0"]
[WhiteElo "2597"]
[BlackElo "2485"]
[PlyCount "121"]
[EventDate "2023.07.30"]
[EventType "k.o."]
[EventRounds "8"]
[EventCountry "AZE"]
[SourceTitle "EXT 2024"]
[Source "ChessBase"]
[SourceDate "2023.10.10"]
[SourceVersion "1"]
[SourceVersionDate "2023.10.10"]
[SourceQuality "1"]

1. Nf3 Nf6 2. b3 e6 3. Bb2 Be7 4. g3 0-0 5. Bg2 c5 6. 0-0 Nc6 7. c4 d5 8. e3 b6 9. Nc3 Ba6 10. Qe2 Rc8 11. d3 Qc7 12. Rac1 Rfd8 13. Rfd1 Qb8 14. Qe1 h6 15. e4 d4 16. Nb1 Nd7 17. Qe2 Bb7 18. Rf1 Rf8 19. Rce1 e5 20. Bc1 Rce8 21. Kh1 a6 22. Ng1 Bc8 23. f4 Nf6 24. Nd2 Qc7 25. Ndf3 Bd7 26. Nh3 b5 27. Nf2 Ng4 28. Nd1 Nf6 29. f5 Rb8 30. Nf2 Nh7 31. Rg1 a5 32. h4 Qd8 33. Ng4 f6 34. Nf2 bxc4 35. bxc4 Nb4 36. g4 Ba4 37. g5 fxg5 38. Nxe5 Nc2 39. Ref1 Ne3 40. Bxe3 dxe3 41. Qxe3 Bf6 42. Nfg4 Qd6 43. Nxf6+ Nxf6 44. Ng6 Qh2+ 45. Kxh2 Ng4+ 46. Kg3 Nxe3 47. Rf3 Nxg2 48. Rxg2 gxh4+ 49. Kxh4 Rf7 50. Nf4 Bd7 51. Rff2 Rd8 52. Rg6 Kh7 53. Rfg2 Bxf5 54. exf5 Rd4 55. R2g4 a4 56. Ne6 Rxd3 57. Rxg7+ Rxg7 58. Rxg7+ Kh8 59. f6 Rf3 60. f7 Rf4+ 61. Kg3 1-0

[Event "FIDE World Cup"]
[Site "Baku"]
[Date "2023.07.30"]
[Round "1.1"]
[White "Acosta, Pablo Ismael"]
[Black "Piorun, Kacper"]
[Result "1/2-1/2"]
[WhiteElo "2485"]
[BlackElo "2597"]
[PlyCount "165"]
[EventDate "2023.07.30"]
[EventType "k.o."]
[EventRounds "8"]
[EventCountry "AZE"]
[SourceTitle "EXT 2024"]
[Source "ChessBase"]
[SourceDate "2023.10.10"]
[SourceVersion "1"]
[SourceVersionDate "2023.10.10"]
[SourceQuality "1"]

1. Nf3 d5 2. c4 c6 3. e3 Nf6 4. b3 Bg4 5. Bb2 e6 6. h3 Bh5 7. Nc3 Nbd7 8. g4 Bg6 9. Nh4 Bd6 10. d3 a6 11. Bg2 b5 12. Rc1 0-0 13. 0-0 Qe7 14. Qe2 Rfd8 15. cxd5 cxd5 16. f4 Rac8 17. Rc2 Nb6 18. Nd1 Rxc2 19. Qxc2 Rc8 20. Qd2 Nfd7 21. Nf3 f6 22. Nf2 Bb4 23. Qe2 e5 24. f5 Bf7 25. Rc1 Qd6 26. Qd1 Qb8 27. g5 Bh5 28. Rxc8+ Nxc8 29. gxf6 gxf6 30. Ng4 Ne7 31. Nfxe5 fxe5 32. Nh6+ Kg7 33. Qxh5 Qd6 34. Ng4 Ng8 35. Qe8 d4 36. exd4 exd4 37. Qe4 Ngf6 38. Nxf6 Nxf6 39. Qb7+ Kf8 40. Bc1 Nd7 41. Qc8+ Kg7 42. a3 Ba5 43. Bg5 h6 44. Bh4 Bc7 45. Qe8 Qh2+ 46. Kf1 Qf4+ 47. Ke2 Qxf5 48. Be4 Qf7 49. Qc8 Nc5 50. Qg4+ Kf8 51. Qc8+ Kg7 52. Qg4+ Kf8 53. Bg6 Qd5 54. b4 Ne6 55. Be4 Qe5 56. Kd1 Nf4 57. Qc8+ Kf7 58. Kc2 a5 59. Qd7+ Kf8 60. Qh7 Qd6 61. Bg3 axb4 62. axb4 Ke8 63. Qf5 Qe6 64. Qxb5+ Kf8 65. Qc4 Qd7 66. b5 Kg7 67. b6 Be5 68. Qc6 Qf7 69. Qb7 Qxb7 70. Bxb7 Nxd3 71. Bxe5+ Nxe5 72. Ba6 Nd7 73. b7 Kf6 74. Bb5 Nb8 75. Kd3 Ke5 76. Kc4 Ke4 77. Kc5 d3 78. Kd6 d2 79. Ba4 Ke3 80. Kc7 Na6+ 81. Kb6 Nb8 82. Kc7 Na6+ 83. Kb6 1/2-1/2

[Event "Monteolivete op 3rd"]
[Site "Alboraia"]
[Date "2023.07.21"]
[Round "6"]
[White "Tejedor Fuente, Enrique"]
[Black "Acosta, Pablo Ismael"]
[Result "1/2-1/2"]
[WhiteElo "2368"]
[BlackElo "2485"]
[PlyCount "70"]
[EventDate "2023.07.17"]
[EventType "swiss"]
[EventRounds "9"]
[EventCountry "ESP"]
[SourceTitle "CBM 215 Extra"]
[Source "ChessBase"]
[SourceDate "2023.09.30"]
[SourceVersion "1"]
[SourceVersionDate "2023.09.30"]
[SourceQuality "1"]

1. e4 c5 2. Nf3 e6 3. d4 cxd4 4. Nxd4 Nc6 5. Nb5 d6 6. c4 a6 7. N5c3 Nf6 8. Be2 Be7 9. 0-0 0-0 10. Be3 b6 11. Na3 Bb7 12. Qb3 Nd7 13. f3 Nc5 14. Qd1 Bf6 15. Qd2 Be5 16. Rf2 h6 17. Rd1 Qh4 18. g3 Qe7 19. Nab1 Rad8 20. f4 Bf6 21. Bf3 Rfe8 22. Re2 Qc7 23. Qe1 Qb8 24. Bf2 Ba8 25. Red2 g6 26. Qf1 Bg7 27. Bg2 Kh7 28. h3 Bb7 29. Kh2 Qc7 30. Qh1 h5 31. Qf1 Bh6 32. Be3 Qe7 33. g4 hxg4 34. hxg4 Qh4+ 35. Bh3 d5 1/2-1/2

[Event "Valencia Cuna op 4th"]
[Site "Valencia"]
[Date "2023.07.15"]
[Round "8"]
[White "Acosta, Pablo Ismael"]
[Black "Rey Martinez, Jaime"]
[Result "1-0"]
[WhiteElo "2485"]
[BlackElo "2361"]
[PlyCount "61"]
[EventDate "2023.07.08"]
[EventType "swiss"]
[EventRounds "9"]
[EventCountry "ESP"]
[SourceTitle "CBM 215 Extra"]
[Source "ChessBase"]
[SourceDate "2023.09.30"]
[SourceVersion "1"]
[SourceVersionDate "2023.09.30"]
[SourceQuality "1"]

1. c4 c5 2. g3 g6 3. Bg2 Bg7 4. Nc3 Nc6 5. e3 e6 6. Nge2 Nge7 7. 0-0 0-0 8. d4 cxd4 9. Nxd4 Nxd4 10. exd4 d5 11. Bg5 dxc4 12. Qe2 h6 13. Bxe7 Qxe7 14. Qxc4 Bd7 15. Rad1 Rac8 16. Qb3 Bc6 17. d5 exd5 18. Rfe1 Qc5 19. Nxd5 Bxd5 20. Bxd5 Qc2 21. Re7 Qf5 22. Be4 Qf6 23. Rxb7 Rce8 24. Bf3 Re5 25. Kg2 Rf5 26. Rd5 h5 27. h4 Kh8 28. Rxf5 Qxf5 29. Rxa7 g5 30. hxg5 Qxg5 31. Rxf7 1-0